[Event "Qatar Masters Open 2024"]
[Site "Doha QAT"]
[Date "2024.12.04"]
[Round "2.3"]
[White "Vokhidov, Shamsiddin"]
[Black "Goutham Krishna H"]
[Result "1/2-1/2"]
[WhiteTitle "GM"]
[BlackTitle "IM"]
[WhiteElo "2681"]
[BlackElo "2466"]
[WhiteFideId "14204223"]
[BlackFideId "25983504"]
[EventDate "2024.12.03"]

1. e4 c5 2. Nf3 d6 3. d4 cxd4 4. Nxd4 Nf6 5. Nc3 a6 6. Be3 e6 7. a3 b5 8. g4 Bb7
9. Bg2 d5 10. exd5 Nxd5 11. Nxd5 Bxd5 12. Bf3 Qd7 13. Qe2 Bc4 14. Qd2 Bd5 15.
Bxd5 Qxd5 16. O-O-O Be7 17. Kb1 Qc4 18. f4 O-O 19. Qg2 Qd5 20. Qxd5 exd5 21. Nf5
Nc6 22. Rxd5 Rfe8 23. Bc5 Bf8 24. Bxf8 Kxf8 25. Rc5 Nd8 26. Nd6 Ne6 27. Rc6 Re7
28. f5 Nd4 29. Rb6 Nf3 30. h3 Re3 31. b3 f6 32. h4 h6 33. Kb2 Ke7 34. Rd1 Nxh4
35. c4 bxc4 36. bxc4 Nf3 37. c5 Ne5 38. Rd5 Rd3 39. Rb7+ Kf8 40. Rxd3 Nxd3+ 41.
Kc3 Nxc5 42. Rf7+ Kg8 43. Kd4 Nd3 44. Kxd3 Rd8 1/2-1/2

[Event "Qatar Masters Open 2024"]
[Site "Doha QAT"]
[Date "2024.12.04"]
[Round "2.4"]
[White "Srihari, L R"]
[Black "Nihal, Sarin"]
[Result "0-1"]
[WhiteTitle "IM"]
[BlackTitle "GM"]
[WhiteElo "2484"]
[BlackElo "2676"]
[WhiteFideId "46617116"]
[BlackFideId "25092340"]
[EventDate "2024.12.03"]

1. Nf3 Nf6 2. g3 b6 3. Bg2 Bb7 4. O-O g6 5. d3 Bg7 6. e4 d6 7. Re1 O-O 8. Nc3 c5
9. d4 cxd4 10. Nxd4 Nfd7 11. Bg5 h6 12. e5 Bxg2 13. exd6 Qc8 14. dxe7 Re8 15.
Ncb5 Nc6 16. Nd6 Nxd4 17. Nxc8 Bf3 18. Qd3 Raxc8 19. Bxh6 Nc5 20. Qe3 Nxc2 21.
Qxf3 Bxh6 22. Rad1 Nxe1 23. Rxe1 Bg7 24. h4 Ne6 25. h5 gxh5 26. Qxh5 Rxe7 27.
Qg4 Kf8 28. Re2 Rc1+ 29. Kg2 Rc6 30. Rd2 Rec7 31. Qh4 Kg8 32. Qe4 Bf6 33. b3 Kg7
34. Qg4+ Kf8 35. Qe4 Rc5 36. Qa8+ Kg7 37. Qe4 Re5 38. Qg4+ Rg5 39. Qe4 Rc3 40.
Rd1 Rc7 41. Rh1 Rgc5 42. Qg4+ Kf8 43. Qb4 Rd7 44. Qe4 Rd2 45. Qa8+ Bd8 46. Qxa7
Rcc2 47. Rf1 Rxa2 48. Qb8 Kg7 49. Qb7 Rab2 50. Qf3 Be7 51. Rd1 Rxd1 52. Qxd1 Bc5
53. Kh1 Rxf2 54. Qd5 Re2 55. g4 Re1+ 56. Kh2 Bg1+ 0-1

[Event "Qatar Masters Open 2024"]
[Site "Doha QAT"]
[Date "2024.12.04"]
[Round "2.5"]
[White "Ayush, Sharma"]
[Black "Martirosyan, Haik M."]
[Result "1/2-1/2"]
[WhiteTitle "IM"]
[BlackTitle "GM"]
[WhiteElo "2466"]
[BlackElo "2656"]
[WhiteFideId "45010943"]
[BlackFideId "13306553"]
[EventDate "2024.12.03"]

1. e4 e5 2. Nf3 Nc6 3. Bb5 Nf6 4. d3 Bc5 5. Nbd2 Nd4 6. Nxd4 Bxd4 7. Nf3 Bb6 8.
O-O c6 9. Ba4 d6 10. c3 h6 11. Be3 Bxe3 12. fxe3 O-O 13. Bb3 g6 14. h3 Kg7 15.
Rf2 Qe7 16. Qc2 Be6 17. Raf1 Nh7 18. d4 Ng5 19. Nxg5 hxg5 20. Qd1 Bxb3 21. Qxb3
f6 22. d5 c5 23. Qd1 Qd7 24. Qg4 Qxg4 25. hxg4 Rf7 26. g3 a6 27. Rh2 Rh8 28.
Rxh8 Kxh8 29. a4 b6 30. b4 c4 31. a5 b5 32. Kg2 1/2-1/2

[Event "Qatar Masters Open 2024"]
[Site "Doha QAT"]
[Date "2024.12.04"]
[Round "2.6"]
[White "Narayanan, S.L."]
[Black "Prraneeth, Vuppala"]
[Result "1-0"]
[WhiteTitle "GM"]
[BlackTitle "GM"]
[WhiteElo "2647"]
[BlackElo "2461"]
[WhiteFideId "5058422"]
[BlackFideId "46622373"]
[EventDate "2024.12.03"]

1. e4 c5 2. Nf3 d6 3. Bb5+ Nd7 4. O-O a6 5. Be2 Ngf6 6. d3 e6 7. a4 b6 8. Nfd2
Bb7 9. f4 Qc7 10. Bf3 Be7 11. Nc3 O-O 12. g4 Rad8 13. g5 Ne8 14. Bg2 g6 15. Nc4
f5 16. b3 Ng7 17. Ne3 Nb8 18. Bb2 Nc6 19. Ne2 Nd4 20. c3 Nxe2+ 21. Qxe2 d5 22.
exd5 exd5 23. c4 d4 24. Bxb7 Qxb7 25. Nd5 Rde8 26. Qf3 Kf7 27. a5 bxa5 28. Rxa5
Qxb3 29. Ba3 Ne6 30. Rxa6 Qb7 31. Rxe6 Kxe6 32. Nc7+ 1-0

[Event "Qatar Masters Open 2024"]
[Site "Doha QAT"]
[Date "2024.12.04"]
[Round "2.7"]
[White "Sargsyan, Shant"]
[Black "Mamedov, Edgar"]
[Result "1-0"]
[WhiteTitle "GM"]
[BlackTitle "IM"]
[WhiteElo "2646"]
[BlackElo "2441"]
[WhiteFideId "13306766"]
[BlackFideId "13739980"]
[EventDate "2024.12.03"]

1. d4 d5 2. c4 c6 3. Nf3 Nf6 4. e3 e6 5. Bd3 Nbd7 6. O-O Bd6 7. Nc3 dxc4 8. Bxc4
b5 9. Bb3 b4 10. Na4 Bb7 11. Qe2 Qa5 12. Rd1 Qh5 13. h3 g5 14. e4 g4 15. Nd2 Rg8
16. g3 gxh3 17. Qxh5 Nxh5 18. e5 Bc7 19. Ne4 Ba6 20. Kh2 Ng7 21. Nac5 Nxc5 22.
Nf6+ Ke7 23. Nxg8+ Rxg8 24. Bg5+ Kd7 25. dxc5+ Kc8 26. Bf6 Nf5 27. Bc2 Be2 28.
Bxf5 exf5 29. Rd4 a5 30. Kxh3 Bf3 31. Rf4 Bd5 32. a3 b3 33. Rh4 Rg6 34. Rd1 Be6
35. Kg2 h6 36. f3 Bd5 37. Rf4 Be6 38. Kf2 Kb7 39. a4 Kc8 40. Rfd4 Rg8 41. Rh1
Rg6 42. Rdh4 Rxf6 43. exf6 Be5 44. Rb1 Kc7 45. Ke2 Bxg3 46. Rxh6 Bf4 47. Rh5
Bc4+ 48. Kf2 Be5 49. Rxf5 Bd4+ 50. Kg3 Be6 51. Kf4 Bd5 52. Re5 1-0

[Event "Qatar Masters Open 2024"]
[Site "Doha QAT"]
[Date "2024.12.04"]
[Round "2.8"]
[White "Karthikeyan, Murali"]
[Black "Gan-Erdene, Sugar"]
[Result "1-0"]
[WhiteTitle "GM"]
[BlackTitle "IM"]
[WhiteElo "2637"]
[BlackElo "2437"]
[WhiteFideId "5074452"]
[BlackFideId "4902980"]
[EventDate "2024.12.03"]

1. e4 c5 2. Nf3 d6 3. d4 cxd4 4. Nxd4 Nf6 5. Nc3 Nc6 6. Bg5 e6 7. Qd3 Bd7 8.
O-O-O a6 9. f4 Be7 10. Nf3 Qa5 11. a3 Rd8 12. Kb1 O-O 13. h4 Bc8 14. Nd4 Nxd4
15. Qxd4 h6 16. Bd3 Qc7 17. Qf2 Rfe8 18. Qf3 Kf8 19. g4 Nd7 20. Bxe7+ Kxe7 21.
g5 hxg5 22. hxg5 Rh8 23. Rhf1 Qc5 24. e5 d5 25. f5 Rdf8 26. Qg3 g6 27. fxg6 fxg6
28. Ne2 Rxf1 29. Rxf1 d4 30. Nf4 Nxe5 31. Nxg6+ Nxg6 32. Bxg6 Rg8 33. Qf4 Rd8
34. Be4 Kd7 35. g6 1-0

[Event "Qatar Masters Open 2024"]
[Site "Doha QAT"]
[Date "2024.12.04"]
[Round "2.9"]
[White "Swayams, Mishra"]
[Black "Naiditsch, Arkadij"]
[Result "0-1"]
[WhiteTitle "GM"]
[BlackTitle "GM"]
[WhiteElo "2456"]
[BlackElo "2636"]
[WhiteFideId "5028183"]
[BlackFideId "4650891"]
[EventDate "2024.12.03"]

1. d4 Nf6 2. Nf3 e6 3. c4 d5 4. Nc3 Nbd7 5. Bg5 c6 6. e3 h6 7. Bh4 g5 8. Bg3 Nh5
9. Be5 Ng7 10. Bg3 Nf5 11. Qc2 h5 12. cxd5 cxd5 13. Nb5 Bb4+ 14. Nd2 Nxg3 15.
hxg3 Kf8 16. a3 Be7 17. Be2 Nf6 18. Nf3 Bd7 19. Nc3 g4 20. Ne5 Kg7 21. Qb3 Be8
22. Qxb7 Rb8 23. Qxa7 Rxb2 24. O-O Rb3 25. Rfc1 Bd6 26. Bd1 Rxc3 27. Rxc3 Ne4
28. Rac1 h4 29. Bxg4 hxg3 30. fxg3 Qg5 31. Nxf7 Bxf7 32. Bxe6 Be7 33. Qd7 Qxg3
34. Bh3 Nxc3 35. Rxc3 Qe1+ 36. Kh2 Qxc3 37. Qxe7 Qc6 38. Qe5+ Qf6 39. Qg3+ Kh6
40. a4 Rg8 41. Qc7 Rg6 42. Kg1 Kg7 43. a5 Qd6 44. Qxd6 Rxd6 45. Bc8 Be8 46. a6
Bc6 0-1

[Event "Qatar Masters Open 2024"]
[Site "Doha QAT"]
[Date "2024.12.04"]
[Round "2.10"]
[White "Sahib, Singh"]
[Black "Idani, Pouya"]
[Result "0-1"]
[WhiteTitle "FM"]
[BlackTitle "GM"]
[WhiteElo "2438"]
[BlackElo "2603"]
[WhiteFideId "25618342"]
[BlackFideId "12510130"]
[EventDate "2024.12.03"]

1. e4 c5 2. Nf3 d6 3. d4 cxd4 4. Nxd4 Nf6 5. Nc3 a6 6. h3 e5 7. Nf3 h6 8. g4 b5
9. a4 b4 10. Nd5 Bb7 11. Bg2 Nbd7 12. Nd2 Nxd5 13. exd5 Rc8 14. Nf1 h5 15. g5 h4
16. Qg4 g6 17. Qxb4 Ba8 18. Be4 Be7 19. Rg1 Nc5 20. Bh1 a5 21. Qb5+ Kf8 22. Bd2
Rb8 23. Qxa5 Qxa5 24. Bxa5 Rxb2 25. Kd1 Rb8 26. Nd2 Kg7 27. Ra3 Rb7 28. Bc3 Rhb8
29. Ke2 Kg8 30. Rg4 Rc7 31. a5 Bb7 32. Kd1 Bc8 33. Rxh4 Bxg5 34. Rb4 Rcb7 35.
Rxb7 Rxb7 36. Bg2 Rb8 37. Ra1 Bxd2 38. Bxd2 Ba6 39. Be3 Kf8 40. Bxc5 dxc5 41.
Kc1 Ke7 42. Ra3 f5 43. Rb3 Rxb3 44. cxb3 Kd6 45. Kd2 g5 46. Ke3 Bb7 47. Kd2 Bxd5
48. f3 Kc6 49. Kc3 Kb5 50. a6 Kxa6 51. b4 c4 52. Bf1 Bxf3 53. Kxc4 Kb6 54. Kd3
f4 55. Kd2 Bc6 56. Bc4 Bd7 57. Bf1 e4 58. Ke1 e3 59. Bg2 Bc6 0-1

[Event "Qatar Masters Open 2024"]
[Site "Doha QAT"]
[Date "2024.12.04"]
[Round "2.11"]
[White "Daneshvar, Bardiya"]
[Black "Uskov, Artem"]
[Result "1-0"]
[WhiteTitle "GM"]
[BlackTitle "IM"]
[WhiteElo "2600"]
[BlackElo "2430"]
[WhiteFideId "12576468"]
[BlackFideId "34254854"]
[EventDate "2024.12.03"]

1. c4 e5 2. Nc3 Nf6 3. Nf3 Nc6 4. g3 d5 5. cxd5 Nxd5 6. Bg2 Bc5 7. O-O O-O 8. d3
h6 9. Nxd5 Qxd5 10. a3 a5 11. Bd2 Qd6 12. Rc1 Be6 13. Qa4 Bb6 14. Be3 Bd5 15.
Bxb6 cxb6 16. e3 Rfd8 17. Rc3 Rd7 18. Rfc1 Rad8 19. Ne1 Bxg2 20. Nxg2 Qd5 21.
Rb3 b5 22. Qxb5 Qxb5 23. Rxb5 Rxd3 24. Ne1 R3d7 25. Kf1 f6 26. Rc4 Kf7 27. Nf3
Ke6 28. Ke2 g6 29. Rc2 f5 30. Rxc6+ bxc6 31. Rxe5+ Kd6 32. Rxa5 c5 33. b4 cxb4
34. axb4 Kc7 35. h4 Rb8 36. Ne5 Rd6 37. Rc5+ Kb7 38. h5 gxh5 39. Nd3 Ra8 40. Nf4
Ra2+ 41. Kf3 Rdd2 42. Nh3 h4 43. gxh4 Rab2 44. Rxf5 Rxb4 45. Kg3 Kc6 46. Nf4 Rd6
47. f3 Rb3 48. e4 Rd1 49. Rf6+ Kd7 50. Nd5 h5 51. Rf5 Rg1+ 52. Kf4 Rf1 53. Ne3
Rc1 54. Rd5+ Ke8 55. Nf5 Rf1 56. Nd4 Rd3 57. Ke5 Rh1 58. Ra5 Rxh4 59. Ra8+ Kd7
60. Ra7+ Kc8 61. Nf5 Rh2 62. f4 h4 63. Ne7+ Kb8 64. Nc6+ Kc8 65. Rh7 h3 66. f5
Rf2 67. f6 h2 68. Ne7+ Kd8 69. Nf5 Rd7 70. Rh8+ Kc7 71. Ke6 Re2 72. e5 Rf2 73.
Nd6 Re2 74. Nf5 Ra2 75. f7 Rd8 76. Rxd8 Ra6+ 77. Rd6 h1=Q 78. f8=Q 1-0

[Event "Qatar Masters Open 2024"]
[Site "Doha QAT"]
[Date "2024.12.04"]
[Round "2.12"]
[White "Ganguly, Surya Shekhar"]
[Black "Harsh, Suresh"]
[Result "1-0"]
[WhiteTitle "GM"]
[BlackTitle "IM"]
[WhiteElo "2578"]
[BlackElo "2420"]
[WhiteFideId "5002150"]
[BlackFideId "45018464"]
[EventDate "2024.12.03"]

1. d4 d5 2. c4 e6 3. Nc3 Nf6 4. cxd5 exd5 5. Bg5 c6 6. e3 h6 7. Bh4 Be7 8. Bd3
O-O 9. Bg3 Ne8 10. Nf3 Nd6 11. Qc2 Be6 12. O-O Nd7 13. Ne5 Re8 14. Rad1 Qc8 15.
h3 Nb6 16. Bh7+ Kf8 17. e4 dxe4 18. Nxe4 Nxe4 19. Qxe4 Nd5 20. Rfe1 Nf6 21. Qb1
Rd8 22. Bh4 c5 23. Bxf6 Bxf6 24. dxc5 Rxd1 25. Qxd1 Bxe5 26. Rxe5 g6 27. Bxg6
fxg6 28. Qf3+ Bf7 29. Qf6 Kg8 30. Re7 Qf8 31. Rxb7 Re8 32. b4 Re1+ 33. Kh2 Qe8
34. Qd6 Qe2 35. Qf4 Qxa2 36. c6 Re8 37. c7 Qe6 38. Rxa7 g5 39. Qd4 Qc6 40. Qd8
Qc4 41. Qd6 Qb5 42. Ra5 Qb7 43. Rc5 Kg7 44. b5 Be6 45. Re5 1-0

[Event "Qatar Masters Open 2024"]
[Site "Doha QAT"]
[Date "2024.12.04"]
[Round "2.13"]
[White "Tahbaz, Arash"]
[Black "Bharath, Subramaniyam H"]
[Result "1-0"]
[WhiteTitle "IM"]
[BlackTitle "GM"]
[WhiteElo "2432"]
[BlackElo "2561"]
[WhiteFideId "12528846"]
[BlackFideId "46634827"]
[EventDate "2024.12.03"]

1. Nf3 d5 2. e3 Nf6 3. c4 e6 4. Nc3 Bd6 5. b3 b6 6. Bb2 Bb7 7. cxd5 exd5 8. Nb5
Be7 9. Be5 Na6 10. Rc1 c5 11. a3 O-O 12. Be2 Ne8 13. d4 Nac7 14. O-O Nxb5 15.
Bxb5 c4 16. bxc4 Bxa3 17. Ra1 Bd6 18. c5 bxc5 19. dxc5 Bxc5 20. Qb1 Bb6 21. Qb4
Nc7 22. Ba4 d4 23. Nxd4 Qd5 24. Nf3 Ne6 25. Rfd1 Qe4 26. Qxe4 Bxe4 27. Bd6 Rfd8
28. Ne5 Bd4 29. Rxd4 Nxd4 30. Be7 Ne2+ 31. Kf1 Nc3 32. Bxd8 Rxd8 33. Bb3 Bd5 34.
Bxd5 Rxd5 35. Nc6 Rd2 36. Nxa7 h5 37. Nc6 Ne4 38. f3 Nf6 39. e4 g6 40. Ne5 Ne8
41. Ra8 Kf8 42. Nc4 Rd4 43. Ne3 Ke7 44. Nd5+ Rxd5 45. exd5 Nc7 46. Ra7 Kd6 47.
Rb7 g5 48. Kf2 f5 49. Rxc7 Kxc7 50. Ke3 1-0

[Event "Qatar Masters Open 2024"]
[Site "Doha QAT"]
[Date "2024.12.04"]
[Round "2.14"]
[White "Sankalp, Gupta"]
[Black "Socko, Monika"]
[Result "1-0"]
[WhiteTitle "GM"]
[BlackTitle "GM"]
[WhiteElo "2545"]
[BlackElo "2402"]
[WhiteFideId "5097010"]
[BlackFideId "1106619"]
[EventDate "2024.12.03"]

1. d4 Nf6 2. c4 e6 3. Nc3 Bb4 4. e3 O-O 5. Bd2 d5 6. Nf3 b6 7. cxd5 exd5 8. Bd3
Bb7 9. O-O Nbd7 10. Qc2 a6 11. Ne5 Bd6 12. f4 Re8 13. Be1 Nf8 14. Bh4 Be7 15.
Rf3 c5 16. Rh3 h6 17. Rf1 cxd4 18. exd4 Ne4 19. Bxe7 Rxe7 20. f5 Nh7 21. Qc1 Rc8
22. Qf4 Rec7 23. Ne2 Nhg5 24. Re3 Nd2 25. Rd1 Nc4 26. Bxc4 dxc4 27. d5 Qd6 28.
f6 Rc5 29. Ng6 Qxf4 30. Ne7+ Kf8 31. Nxf4 Rd8 32. fxg7+ Kxg7 33. h4 Nh7 34. Nf5+
Kf8 35. Nxh6 Nf6 36. Rf1 Bc8 37. Nh5 Rdxd5 38. Nxf6 Re5 39. Rg3 Be6 40. Nd7+ 1-0

[Event "Qatar Masters Open 2024"]
[Site "Doha QAT"]
[Date "2024.12.04"]
[Round "2.15"]
[White "Akhmetov, Ayan"]
[Black "Zemlyanskii, Ivan"]
[Result "0-1"]
[WhiteTitle "IM"]
[BlackTitle "GM"]
[WhiteElo "2417"]
[BlackElo "2543"]
[WhiteFideId "13703706"]
[BlackFideId "24249971"]
[EventDate "2024.12.03"]

1. e4 c5 2. Nf3 d6 3. d4 cxd4 4. Nxd4 Nf6 5. Bd3 Nc6 6. Be3 g6 7. h3 Bg7 8. c4
O-O 9. Nc3 Nxd4 10. Bxd4 Bh6 11. Bxf6 exf6 12. O-O Be6 13. b3 Qa5 14. Qc2 a6 15.
a4 Rac8 16. f4 f5 17. exf5 gxf5 18. Ne2 Bg7 19. Rac1 d5 20. Bxf5 dxc4 21. Bxe6
Qb6+ 22. Kh1 Qxe6 23. bxc4 Rc5 24. f5 Qc6 25. Nf4 Rc8 26. Qd3 Rxc4 27. Nd5 Kh8
28. Ne7 Qc7 29. Rxc4 Qxc4 30. Qf3 Rd8 31. f6 Bh6 32. Re1 Bg5 33. Nd5 h6 34. Qf5
Qc6 35. Re5 Qxa4 36. Re7 Kg8 37. Re4 Qd7 38. Ne7+ Kh8 39. h4 Qd1+ 40. Kh2 Qd6+
41. g3 Bxf6 42. Nd5 Bg7 43. Nf4 Qd7 44. Qc5 Rc8 45. Qf2 Qf5 46. Qe2 Rc5 47. g4
Qd7 48. Re7 Qd6 49. Qe4 Be5 0-1

[Event "Qatar Masters Open 2024"]
[Site "Doha QAT"]
[Date "2024.12.04"]
[Round "2.16"]
[White "Klukin, Kirill"]
[Black "Adhiban, Baskaran"]
[Result "0-1"]
[WhiteTitle "IM"]
[BlackTitle "GM"]
[WhiteElo "2413"]
[BlackElo "2535"]
[WhiteFideId "24199273"]
[BlackFideId "5018471"]
[EventDate "2024.12.03"]

1. d4 f5 2. Bg5 h6 3. Bh4 g5 4. Bg3 Bg7 5. e3 c5 6. c3 Qb6 7. Qb3 Nc6 8. d5 Na5
9. Qxb6 axb6 10. Nd2 f4 11. exf4 Nf6 12. fxg5 Nxd5 13. Ngf3 O-O 14. O-O-O Nf4
15. Re1 d5 16. Ne5 Nc6 17. Nxc6 bxc6 18. gxh6 Bxh6 19. a3 b5 20. Bxf4 Rxf4 21.
f3 b4 22. Kc2 bxc3 23. Kxc3 Bf5 24. Rxe7 Bg5 25. Rb7 Bf6+ 26. Kb3 Rd4 27. Nc4
Be6 28. Nb6 Rd2 29. Na4 Bf5 30. Nc3 Bc2+ 31. Ka2 c4 32. Bxc4 dxc4 33. Ne4 Bb3+
34. Kb1 Rxb2+ 35. Kc1 Be5 0-1

[Event "Qatar Masters Open 2024"]
[Site "Doha QAT"]
[Date "2024.12.04"]
[Round "2.17"]
[White "Harutyunyan, Tigran K."]
[Black "Moksh, Amit Doshi"]
[Result "1/2-1/2"]
[WhiteTitle "GM"]
[BlackTitle "IM"]
[WhiteElo "2524"]
[BlackElo "2383"]
[WhiteFideId "13303635"]
[BlackFideId "25064967"]
[EventDate "2024.12.03"]

1. c4 e5 2. g3 c6 3. d4 e4 4. d5 Bb4+ 5. Bd2 Qe7 6. Nc3 Nf6 7. Nh3 d6 8. Bg2 a5
9. a3 Bc5 10. Bg5 Bf5 11. Bxf6 Qxf6 12. Nxe4 Bxe4 13. Bxe4 Qxb2 14. O-O Qe5 15.
Qd3 h6 16. Rab1 Qe7 17. Rb2 O-O 18. Rfb1 Ra7 19. Nf4 Re8 20. Bg2 Qc7 21. Qc3 Nd7
22. e3 Ne5 23. Nh5 Qd7 24. h3 cxd5 25. cxd5 b6 26. g4 f5 27. Nf4 fxg4 28. Ne6
Rxe6 29. dxe6 Qxe6 30. Qb3 Qxb3 31. Rxb3 gxh3 32. Bd5+ 1/2-1/2

[Event "Qatar Masters Open 2024"]
[Site "Doha QAT"]
[Date "2024.12.04"]
[Round "2.18"]
[White "Nazari, Arad"]
[Black "Raja, Rithvik R"]
[Result "0-1"]
[WhiteTitle "IM"]
[BlackTitle "GM"]
[WhiteElo "2401"]
[BlackElo "2521"]
[WhiteFideId "12577324"]
[BlackFideId "35007394"]
[EventDate "2024.12.03"]

1. e4 e5 2. Nf3 Nc6 3. Nc3 Nf6 4. Bb5 Bd6 5. d3 O-O 6. a3 Re8 7. Bc4 a6 8. g4
Be7 9. g5 Nh5 10. Nh4 g6 11. Nf5 Rf8 12. Nd5 d6 13. Nfxe7+ Nxe7 14. Nf6+ Nxf6
15. gxf6 Nc6 16. Bg5 h6 17. h4 h5 18. c3 Kh7 19. Rg1 Be6 20. Bd5 Bxd5 21. exd5
Nb8 22. Qf3 Nd7 23. O-O-O Re8 24. Rg3 c6 25. dxc6 bxc6 26. Qxc6 Re6 27. d4 Rc8
28. Qa4 e4 29. Re3 Nb6 30. Qa5 d5 31. b3 Qc7 32. Rd2 Qb7 33. Rc2 Nd7 34. c4 dxc4
35. bxc4 Rb8 36. Kd2 Rb6 37. Qd5 Qxd5 38. cxd5 Nxf6 39. Bxf6 Rxf6 0-1

[Event "Qatar Masters Open 2024"]
[Site "Doha QAT"]
[Date "2024.12.04"]
[Round "2.19"]
[White "Mahdavi, Reza"]
[Black "Galaviz Medina, Sion Radamantys"]
[Result "1-0"]
[WhiteTitle "FM"]
[BlackTitle "IM"]
[WhiteElo "2394"]
[BlackElo "2508"]
[WhiteFideId "12595926"]
[BlackFideId "5123119"]
[EventDate "2024.12.03"]

1. e4 c5 2. Nf3 d6 3. d4 cxd4 4. Nxd4 Nf6 5. Nc3 a6 6. Bg5 Nbd7 7. Be3 h5 8. f3
g6 9. Qd2 Bg7 10. Be2 Qc7 11. a4 O-O 12. O-O b6 13. Nd5 Nxd5 14. exd5 Nf6 15. c4
Re8 16. Rac1 Bd7 17. b3 Qb7 18. Bf2 Rac8 19. Rcd1 Kh7 20. Rfe1 Bh6 21. Qd3 Bg5
22. Bf1 h4 23. Be3 Bxe3+ 24. Qxe3 Kg7 25. Qf2 b5 26. cxb5 axb5 27. Nxb5 Nxd5 28.
Qd4+ Nf6 29. Qxh4 Be6 30. Nd4 Bd5 31. Qg3 Qb6 32. Qf2 Rb8 33. Bb5 e5 34. Bxe8
Nxe8 35. Nf5+ gxf5 36. Qxb6 Rxb6 37. Rxd5 Rxb3 38. Ra1 Kf6 39. Rb5 1-0

[Event "Qatar Masters Open 2024"]
[Site "Doha QAT"]
[Date "2024.12.04"]
[Round "2.20"]
[White "Shuvalova, Polina"]
[Black "Kunal, M."]
[Result "1-0"]
[WhiteTitle "IM"]
[BlackTitle "FM"]
[WhiteElo "2504"]
[BlackElo "2292"]
[WhiteFideId "24171760"]
[BlackFideId "5018250"]
[EventDate "2024.12.03"]

1. e4 c6 2. d4 d5 3. e5 c5 4. Nf3 cxd4 5. Nxd4 Nc6 6. Nxc6 bxc6 7. Bd3 e6 8. O-O
Ne7 9. Nd2 a5 10. Nf3 Ng6 11. Re1 Ba6 12. Bxg6 hxg6 13. Bg5 Be7 14. Bxe7 Qxe7
15. Qd2 Bb7 16. c3 c5 17. Qf4 Bc6 18. Ng5 Rb8 19. b3 Rh5 20. h4 Kd7 21. g3 Ke8
22. Rab1 d4 23. cxd4 Rb4 24. Rbd1 cxd4 25. a3 Rxb3 26. Rxd4 Qxg5 27. Qxg5 Rxg5
28. hxg5 Bd5 29. Ra4 Rb5 30. Rc1 f6 31. f4 fxe5 32. fxe5 Rb3 33. Rxa5 Rxg3+ 34.
Kh2 Rg2+ 35. Kh3 Rxg5 36. Ra7 Kd8 37. Re1 Rf5 38. Re3 g5 39. Kg4 Rf1 40. Rxg7
Rg1+ 41. Rg3 Re1 42. Rh3 1-0

[Event "Qatar Masters Open 2024"]
[Site "Doha QAT"]
[Date "2024.12.04"]
[Round "2.21"]
[White "Khamdamova, Afruza"]
[Black "Artemiev, Vladislav"]
[Result "1/2-1/2"]
[WhiteTitle "WIM"]
[BlackTitle "GM"]
[WhiteElo "2354"]
[BlackElo "2701"]
[WhiteFideId "14210444"]
[BlackFideId "24101605"]
[EventDate "2024.12.03"]

1. e4 e6 2. d4 d5 3. Nd2 a6 4. Ngf3 Nf6 5. Bd3 c5 6. c3 cxd4 7. cxd4 dxe4 8.
Nxe4 Be7 9. O-O Nc6 10. Bg5 Nxe4 11. Bxe7 Nxe7 12. Bxe4 O-O 13. Qc2 h6 14. Rac1
Ra7 15. Qc7 Bd7 16. Ne5 Bc6 17. Qxd8 Rxd8 18. Bxc6 bxc6 19. Nxc6 Nxc6 20. Rxc6
Rxd4 21. Rfc1 g5 22. Kf1 Ra4 23. a3 Rb7 24. R1c2 Kg7 25. Rc7 Rb6 26. R7c6 Rb3
27. R6c3 Rb8 28. Rc8 Rb6 29. R8c6 Rb8 30. Rc8 Rb6 31. R8c6 Rb8 32. Rc8 1/2-1/2

[Event "Qatar Masters Open 2024"]
[Site "Doha QAT"]
[Date "2024.12.04"]
[Round "2.22"]
[White "Maghsoodloo, Parham"]
[Black "Ashraf, Artin"]
[Result "1/2-1/2"]
[WhiteTitle "GM"]
[BlackTitle "FM"]
[WhiteElo "2703"]
[BlackElo "2388"]
[WhiteFideId "12539929"]
[BlackFideId "22514805"]
[EventDate "2024.12.03"]

1. Nf3 Nf6 2. g3 g6 3. c4 Bg7 4. Nc3 O-O 5. Bg2 d6 6. O-O e5 7. d3 c6 8. h3 Re8
9. e4 c5 10. a3 Nc6 11. Rb1 a5 12. Ne1 Bd7 13. b3 Nd4 14. Nc2 Bc6 15. Ne3 b5 16.
a4 b4 17. Nb5 Ne6 18. Kh2 h5 19. h4 Bh6 20. Bh3 Ra6 21. Rb2 Bd7 22. f3 Rf8 23.
Rbf2 Nd4 24. Bxd7 Nxd7 25. Kg2 Ne6 26. Nd5 Bxc1 27. Qxc1 Kh7 28. Qe3 Nf6 29. Qe2
Rg8 30. Qd2 Nxd5 31. cxd5 Ng7 32. f4 exf4 33. Rxf4 f5 34. d4 Re8 35. dxc5 dxc5
36. d6 Re5 37. Qb2 Re6 38. e5 Rc6 39. Rd1 Qd7 40. Rff1 Re8 41. Nc7 Rxc7 42. dxc7
Qxc7 43. Rd6 Qb7+ 44. Kh2 Qe4 45. e6 Rxe6 46. Rd7 Re7 47. Rxe7 Qxe7 48. Rf2 Qf7
49. Qc2 Ne6 50. Qc4 Qd7 51. Qb5 Qc7 52. Qc4 Nd4 53. Qd5 Qe7 54. Kg2 Kg7 55. Rf4
Qe2+ 56. Kh3 Qe7 1/2-1/2

[Event "Qatar Masters Open 2024"]
[Site "Doha QAT"]
[Date "2024.12.04"]
[Round "2.23"]
[White "Tabatabaei, M. Amin"]
[Black "Amartuvshin, Ganzorig"]
[Result "1-0"]
[WhiteTitle "GM"]
[BlackTitle "IM"]
[WhiteElo "2695"]
[BlackElo "2392"]
[WhiteFideId "12521213"]
[BlackFideId "4902548"]
[EventDate "2024.12.03"]

1. Nf3 Nf6 2. c4 e6 3. g3 d5 4. Bg2 dxc4 5. Qa4+ Nbd7 6. Qxc4 a6 7. Qc2 c5 8.
Nc3 Bd6 9. O-O Qc7 10. d4 O-O 11. Rd1 b5 12. Ng5 Bb7 13. Bxb7 Qxb7 14. Nce4 Be7
15. dxc5 Rfc8 16. Be3 h6 17. Nxf6+ Nxf6 18. Nf3 b4 19. Ne5 Qc7 20. Nd3 Ng4 21.
Bd2 a5 22. a3 bxa3 23. Rxa3 e5 24. Qa4 Nf6 25. Bxa5 Qb7 26. b4 e4 27. Nf4 g5 28.
Ng2 Bd8 29. Ne3 Bxa5 30. bxa5 Rxc5 31. a6 Qb6 32. Qd4 Qc6 33. a7 h5 34. h3 h4
35. g4 Rb5 36. Qa1 Qe6 37. Ra6 Rb6 38. Ra5 Nh7 39. Rad5 1-0

[Event "Qatar Masters Open 2024"]
[Site "Doha QAT"]
[Date "2024.12.04"]
[Round "2.24"]
[White "Vantika, Agrawal"]
[Black "Nguyen, Ngoc Truong Son"]
[Result "1/2-1/2"]
[WhiteTitle "IM"]
[BlackTitle "GM"]
[WhiteElo "2392"]
[BlackElo "2646"]
[WhiteFideId "25050389"]
[BlackFideId "12401110"]
[EventDate "2024.12.03"]

1. d4 Nf6 2. c4 e6 3. Nf3 d5 4. Nc3 c5 5. cxd5 cxd4 6. Qxd4 exd5 7. Bg5 Be7 8.
e3 O-O 9. Be2 h6 10. Bh4 Nc6 11. Qd3 Nb4 12. Qd1 Ne4 13. Bxe7 Qxe7 14. O-O Rd8
15. Nb5 Nc6 16. a3 Qf6 17. Nbd4 Bg4 18. Rc1 Rac8 19. Rc2 Bh5 20. h3 Rc7 21. Nb5
Rcc8 22. Nbd4 Rc7 23. Nb5 Rcc8 24. Nbd4 Rc7 25. Nb5 1/2-1/2